000 00298nam a22001457a 4500
008 221221b ||||| |||| 00| 0 eng d
020 _a0060958707
041 _aeng
080 _a30
082 _a30HEI
100 _a25
101 _aPSI
245 _aWHY WE RUN
_cHEINRICH B
942 _2udc
_cBK
999 _c59219
_d59219